00799nam a2200193Ia 4500008004100000041001200041082001600053100001500069245006300084260004700147300000800194650001600202700001500218700002100233942000700254999001500261952015900276952017000435221030s9999 xx 000 0 und d aEnglish a105.23bJai aM. K. Jain 0aNumerical Methods For Scientific & Engineering Computation bNew Age International PubaNew Delhic1996 a454 aBE Computer aR. K. Jain aS. R. K. Iyenger cBK c1007d1007 pBE 28g135.00l0o105.23 Jair2024-06-13 00:00:00w2022-10-30yBK003Print4071aMIETLIBbMIETLIBcBL-Second, FL-1, CUP-55, SH-3, R-3d1997-12-1510HBE pBE 711g155.00l0o105.23 Jair2024-06-13 00:00:00w2022-10-30yBK003Print4070aMIETLIBbMIETLIBcBL-Academic Block C, FL-2, CUP-38, SH-1, R-1d1999-12-0710HBE